| 000 | 02338nam2a2200361 4500 | ||
|---|---|---|---|
| 001 | RU\NLR\PER_A\003430503_001010 | ||
| 005 | 20250625171315.0 | ||
| 035 | _a(NLR Aleph) 022240016 | ||
| 090 |
_a13157445 _c13157445 |
||
| 100 | _a20240603d2024 |||y0rusy50 ca | ||
| 101 | 0 |
_aeng _drus |
|
| 102 | _aRU | ||
| 200 | 1 |
_aTwo new species of the ant genus Plagiolepis Mayr, 1861 (Hymenoptera: Formicidae: Formicinae) from Indochina _fN. Phosritong, K. Rattanachan, L. Satakoune, W. Jaitrong |
|
| 210 |
_aVladivostok _c[s. n.] _d2024 |
||
| 215 |
_a24 c. _cил. _d21 |
||
| 300 | _aРез. на рус. яз. | ||
| 320 | _aБиблиогр.: с. 13-14, 22-24 | ||
| 423 | 0 |
_12001#$aProtease inhibitors of fodder plants as a factor of immune response influencing the physioloogical state of the potato ladybird beetle HenosepilachinaVigintioctomaculata (Coleoptera: Coccinellidae)$fN. V. Matsishina, M.V. Ermak, P.V. Fisenko [et al.] _1210##$aVladivostok$d2024 _1215##$aС. 15-24 _tProtease inhibitors of fodder plants as a factor of immune response influencing the physioloogical state of the potato ladybird beetle HenosepilachinaVigintioctomaculata (Coleoptera: Coccinellidae) |
|
| 461 | 0 |
_1001RU\NLR\INFOCOMM_49\5000065334 _12001#$aFar Eastern entomologist$dДальневосточный энтомолог$eJ. publ. by Far East branch of the Russ. entomological soc. a. Lab. of entomology, Inst. of biology a. pedology$zrus$v№ 492 _92822829 _cVladivostok _d1994- _lДальневосточный энтомолог _oJ. publ. by Far East branch of the Russ. entomological soc. a. Lab. of entomology, Inst. of biology a. pedology _tFar Eastern entomologist _x1026-051X _v№ 492 |
|
| 541 | 1 | _aДва новых вида муравьев рода Plagiolepis Mayr, 1861 (Hymenoptera: Formicidae: Formicinae) из Индокитая | |
| 606 | 1 |
_aМуравьи _yИндокитай, полуостров (Юго-Восточная Азия) _92590617 _3RU\NLR\AUTH\6601740811 |
|
| 686 | 1 | _aЕ691.894.736(54,51) | |
| 701 | 1 |
_aPhosritong _bN. |
|
| 701 | 1 |
_aRattanachan _bK. |
|
| 701 | 1 |
_aSatakoune _bL. |
|
| 701 | 1 |
_aJaitrong _bW. _gWeeyawat |
|
| 852 |
_aNLR _jP7/2878 |
||
| 942 | _cISSUE | ||
| 980 | _aNB | ||
| 980 | _aINPER | ||